<?xml version="1.0" encoding="UTF-8"?>
<record
    xmlns:xsi="http://www.w3.org/2001/XMLSchema-instance"
    xsi:schemaLocation="http://www.loc.gov/MARC21/slim http://www.loc.gov/standards/marcxml/schema/MARC21slim.xsd"
    xmlns="http://www.loc.gov/MARC21/slim">

  <leader>00629nas a22001577a 4500</leader>
  <controlfield tag="008">130226t20079999bl ||||| |||| 00| 0 por d</controlfield>
  <datafield tag="022" ind1=" " ind2=" ">
    <subfield code="a">2238-2909</subfield>
  </datafield>
  <datafield tag="245" ind1=" " ind2=" ">
    <subfield code="a">Educa&#xE7;ao Continuada em Sa&#xFA;de Einstein</subfield>
  </datafield>
  <datafield tag="260" ind1=" " ind2=" ">
    <subfield code="a">S&#xE2;o Paulo:</subfield>
    <subfield code="b">Instituto Israelita de Ensino e Pesquisa Albert Einstein,</subfield>
    <subfield code="c">2007</subfield>
  </datafield>
  <datafield tag="300" ind1=" " ind2=" ">
    <subfield code="a">v. :</subfield>
  </datafield>
  <datafield tag="310" ind1=" " ind2=" ">
    <subfield code="a">trimestral</subfield>
  </datafield>
  <datafield tag="546" ind1=" " ind2=" ">
    <subfield code="a">portugu&#xE9;s</subfield>
  </datafield>
  <datafield tag="590" ind1=" " ind2=" ">
    <subfield code="a">2007 5(2 parte 2); 2008 6(1 parte 2, 2 parte 2, 4 parte 2); 2009 7(1 parte 2, 2 parte 2, 3 parte 2, 4 parte 2); 2010 8(1 parte 2, 4 parte 2); 2011 9(2 parte 2); 2012 10(1-4); 2013 11(1)</subfield>
  </datafield>
  <datafield tag="650" ind1=" " ind2=" ">
    <subfield code="a">EDUCACION CONTINUA-SALUD</subfield>
    <subfield code="9">1908</subfield>
  </datafield>
  <datafield tag="942" ind1=" " ind2=" ">
    <subfield code="2">ddc</subfield>
    <subfield code="c">CR</subfield>
  </datafield>
  <datafield tag="999" ind1=" " ind2=" ">
    <subfield code="c">1179</subfield>
    <subfield code="d">1179</subfield>
  </datafield>
</record>
